| 000 | nam a22 a 4500 | ||
|---|---|---|---|
| 999 |
_c346 _d346 |
||
| 005 | 20170503121448.0 | ||
| 008 | 170503b1986 -us||||| |||| 00| 0 eng d | ||
| 020 | _a0256033382 | ||
| 040 | _aAKMAL | ||
| 082 | _a001.6 OBR | ||
| 090 |
_a001.6 _bOBR |
||
| 100 | 1 |
_aJames A. O'Brien, Craig A. VanLengen _9786 |
|
| 245 |
_aComputers and information processing : _bwith software tutorial and BASIC |
||
| 250 | _a2nd ed. | ||
| 260 |
_aHomewood, IL : _bIrwin, _c1986 |
||
| 300 | _ccm | ||
| 490 | 0 | _aIrwin series in information & decision sciences | |
| 942 |
_2ddc _cBOOK |
||